| 000 | 00601nam a2200181 i 4500 | ||
|---|---|---|---|
| 001 | 27505 | ||
| 003 | ES-MaACL | ||
| 005 | 20230906153630.0 | ||
| 007 | t| | ||
| 008 | 030114s1964 sp ||||1| spa d | ||
| 100 | 1 |
_aAubert-Krier, Jane. _923805 |
|
| 245 | 1 | 0 |
_aContabilidad microeconómica / _cJane Aubert-Krier ; [Traducción y revisión J. Gil Aluja ; prólogo E. Fernández Peña]. |
| 260 |
_aBarcelona : _bSagitario, _c[1964] |
||
| 300 |
_a208 p. : _bil. ; _c22 cm. |
||
| 700 | 0 |
_aGil Aluja, Jaime. _956762 |
|
| 700 | 1 |
_aFernández Peña, Enrique. _949986 |
|
| 852 |
_aES-MaACL _jC-27124 _bR.56120 |
||
| 999 |
_c27505 _d27505 |
||